[Event "Sunningdale e2e4 U2050 op 05"]
[Site "Sunningdale"]
[Date "2014.05.26"]
[Round "6"]
[White "Twitchell, Neville H"]
[Black "Hunt Grubbe, Henry H"]
[Result "1-0"]
[WhiteElo "2007"]
[BlackElo "1975"]
[PlyCount "137"]
[EventDate "2014.05.23"]
[EventType "swiss"]
[EventRounds "7"]
[EventCountry "ENG"]
[SourceTitle "EXT 2015"]
[Source "ChessBase"]
[SourceDate "2014.11.20"]
[SourceVersion "1"]
[SourceVersionDate "2014.11.20"]
[SourceQuality "1"]

1. d4 e6 2. e4 d5 3. Nc3 Nf6 4. Bg5 Be7 5. e5 Nfd7 6. h4 c5 7. Bxe7 Kxe7 8. f4 cxd4 9. Qxd4 Qb6 10. Qxb6 Nxb6 11. Nf3 Bd7 12. 0-0-0 Na4 13. Nxa4 Bxa4 14. Bd3 Bd7 15. g4 h5 16. gxh5 Rxh5 17. Rdg1 g6 18. Nd4 a6 19. Be2 Rh7 20. h5 gxh5 21. Rg8 h4 22. Bd3 Rh5 23. Rh3 f5 24. exf6+ Kxf6 25. Nf3 Kf7 26. Rg1 Rh8 27. Ne5+ Ke8 28. Rg7 Bb5 29. Bg6+ Kf8 30. Rf7+ Kg8 31. Rxb7 Nc6 32. Bf7+ Kg7 33. Bxe6+ Kf6 34. Bxd5 Nxe5 35. fxe5+ Kxe5 36. Rxb5 axb5 37. Bxa8 Rxa8 38. Rxh4 Kd5 39. a3 Rg8 40. b3 Rg2 41. Kb2 Kc5 42. Rh5+ Kb6 43. Rd5 Rh2 44. Kc3 Rg2 45. Rd2 Rg3+ 46. Rd3 Rg2 47. Rh3 Rg1 48. Rh4 Kc5 49. Rh5+ Kb6 50. b4 Rg3+ 51. Kb2 Kc6 52. Rh6+ Kc7 53. c3 Rg1 54. Rh2 Kc6 55. Rc2 Kd5 56. Rd2+ Kc6 57. Kb3 Rb1+ 58. Rb2 Ra1 59. Ra2 Rb1+ 60. Kc2 Rh1 61. a4 Rh8 62. a5 Kd5 63. Kb3 Rh1 64. Rd2+ Kc6 65. Kb2 Rg1 66. Rh2 Rf1 67. Rh5 Rf2+ 68. Kb3 Rf1 69. Rc5+ 1-0

[Event "Sunningdale e2e4 U2050 op 05"]
[Site "Sunningdale"]
[Date "2014.05.24"]
[Round "2"]
[White "Bennett, Rhys"]
[Black "Hunt Grubbe, Henry H"]
[Result "0-1"]
[WhiteElo "1803"]
[BlackElo "1975"]
[PlyCount "68"]
[EventDate "2014.05.23"]
[EventType "swiss"]
[EventRounds "7"]
[EventCountry "ENG"]
[SourceTitle "EXT 2015"]
[Source "ChessBase"]
[SourceDate "2014.11.20"]
[SourceVersion "1"]
[SourceVersionDate "2014.11.20"]
[SourceQuality "1"]

1. e4 e6 2. d4 d5 3. Nc3 Nf6 4. Bg5 Be7 5. e5 Nfd7 6. Bxe7 Qxe7 7. f4 a6 8. Nf3 c5 9. dxc5 Nc6 10. Qd2 Nxc5 11. Bd3 b5 12. Ne2 0-0 13. 0-0 f6 14. Ned4 Nxd4 15. Nxd4 Bb7 16. Rae1 Ne4 17. Bxe4 dxe4 18. exf6 Qxf6 19. Qe3 e5 20. fxe5 Qxe5 21. c3 Qd5 22. a3 Rae8 23. Qh3 Rxf1+ 24. Rxf1 e3 25. Qf3 e2 26. Qxd5+ Bxd5 27. Re1 Bc4 28. h3 g5 29. Nf3 Rd8 30. Kf2 h5 31. Ke3 Rd1 32. Kf2 g4 33. hxg4 hxg4 34. Ne5 g3+ 0-1

[Event "BCF-chT2 0708 (4NCL)"]
[Site "Sunningdale"]
[Date "2008.03.01"]
[Round "7.7"]
[White "Dickinson, Timothy R"]
[Black "Hunt Grubbe, Henry H"]
[Result "1-0"]
[WhiteElo "2166"]
[BlackElo "1980"]
[PlyCount "81"]
[EventDate "2007.09.15"]
[EventType "team-tourn"]
[EventRounds "11"]
[EventCountry "ENG"]
[SourceTitle "EXT 2023"]
[Source "ChessBase"]
[SourceDate "2022.10.05"]
[SourceVersion "1"]
[SourceVersionDate "2022.10.05"]
[SourceQuality "1"]
[WhiteTeam "Oxford"]
[BlackTeam "Bristol"]
[WhiteTeamCountry "ENG"]
[BlackTeamCountry "ENG"]

1. e4 e6 2. d4 d5 3. Nd2 c5 4. Ngf3 Nc6 5. exd5 exd5 6. Bb5 a6 7. Bxc6+ bxc6 8. Ne5 Qc7 9. Qe2 Be6 10. Ndf3 c4 11. Nxf7 Qxf7 12. Ng5 Qf6 13. Qxe6+ Be7 14. 0-0 Qxe6 15. Nxe6 Kf7 16. Re1 h6 17. Nc5 Nf6 18. b3 Bxc5 19. dxc5 cxb3 20. axb3 Rhb8 21. f3 Rb4 22. Bd2 Rb5 23. b4 Nd7 24. Ra3 Ra7 25. Rea1 Nb8 26. Ra4 Rab7 27. Kf2 Re7 28. Bf4 Re6 29. c3 Kf6 30. Rd1 Rb7 31. Bxb8 Rxb8 32. Rxa6 Rb7 33. Rd2 Kf5 34. Rb6 Ra7 35. b5 Ra3 36. Rxc6 Rxc3 37. Rxd5+ Kf6 38. Rcd6 Rc2+ 39. Kg3 Ke7 40. Rxe6+ Kxe6 41. Rd6+ 1-0

[Event "BCF-chT3 0607 (4NCL)"]
[Site "Sunningdale"]
[Date "2007.05.06"]
[Round "10.5"]
[White "Lang, Heather"]
[Black "Hunt Grubbe, Henry H"]
[Result "0-1"]
[WhiteElo "2061"]
[BlackElo "2010"]
[PlyCount "76"]
[EventDate "2006.09.16"]
[EventType "team"]
[EventRounds "11"]
[EventCountry "ENG"]
[SourceTitle "EXT 2008"]
[Source "ChessBase"]
[SourceDate "2007.11.25"]
[SourceVersion "1"]
[SourceVersionDate "2007.11.25"]
[SourceQuality "1"]
[WhiteTeam "Pride and Prejudice "]
[BlackTeam "Bristol II"]
[WhiteTeamCountry "ENG"]
[BlackTeamCountry "ENG"]

1. e4 e6 2. Nc3 d5 3. d4 Nf6 4. Bg5 Be7 5. e5 Nfd7 6. Bxe7 Qxe7 7. f4 a6 8. Nf3 c5 9. dxc5 Nc6 10. Qd2 Nxc5 11. 0-0-0 b5 12. g4 b4 13. Ne2 a5 14. Ned4 Nxd4 15. Nxd4 Bd7 16. Bg2 a4 17. Kb1 Rb8 18. f5 0-0 19. Qf4 Rfe8 20. f6 Qf8 21. g5 b3 22. cxb3 axb3 23. a3 Bb5 24. Bf1 Bxf1 25. Rhxf1 Rec8 26. Rf3 Rb7 27. Qh4 Kh8 28. Rh3 Qg8 29. g6 fxg6 30. Rg1 Ne4 31. Nxe6 gxf6 32. exf6 Qxe6 33. Re1 Rbc7 34. Qh6 Nc3+ 35. bxc3 Qxe1+ 36. Kb2 Qe2+ 37. Kxb3 Rb7+ 38. Ka4 Ra8# 0-1

[Event "BCF-chT3 0607 (4NCL)"]
[Site "Sunningdale"]
[Date "2006.09.16"]
[Round "1.6"]
[White "Kelly, Paul J"]
[Black "Hunt Grubbe, Henry H"]
[Result "1-0"]
[WhiteElo "1980"]
[BlackElo "2010"]
[PlyCount "101"]
[EventDate "2006.09.16"]
[EventType "team"]
[EventRounds "11"]
[EventCountry "ENG"]
[SourceTitle "CBM 115 Extra"]
[Source "ChessBase"]
[SourceDate "2007.01.10"]
[SourceVersion "1"]
[SourceVersionDate "2007.01.10"]
[SourceQuality "1"]
[WhiteTeam "Mindsports"]
[BlackTeam "Bristol II"]
[WhiteTeamCountry "ENG"]
[BlackTeamCountry "ENG"]

1. e4 e6 2. d4 d5 3. Nc3 Nf6 4. e5 Nfd7 5. f4 c5 6. Nf3 Nc6 7. Be3 cxd4 8. Nxd4 Bc5 9. Qd2 0-0 10. 0-0-0 a6 11. Kb1 Nxd4 12. Bxd4 b5 13. g3 Qc7 14. h4 Nb6 15. Ne2 Bd7 16. Rh2 Rfc8 17. Ng1 b4 18. Nf3 Bf8 19. g4 Nc4 20. Qg2 Rab8 21. Bd3 Bb5 22. Ng5 h6 23. Qh3 Bc5 24. Bxc5 Qxc5 25. Re1 Na3+ 26. Kc1 Bxd3 27. Qxd3 Nxc2 28. Qh7+ Kf8 29. Rxc2 Qxc2+ 30. Qxc2 hxg5 31. fxg5 Rxc2+ 32. Kxc2 Rc8+ 33. Kb3 Rc4 34. Rg1 Re4 35. Rg2 a5 36. Ka4 Rxe5 37. Kxa5 Re4 38. Kb5 f6 39. g6 Ke7 40. h5 Ke8 41. a4 bxa3 42. bxa3 d4 43. a4 Re3 44. a5 Ra3 45. a6 e5 46. g5 Ke7 47. h6 Ra1 48. h7 Rb1+ 49. Kc6 Rb8 50. a7 Rd8 51. Rh2 1-0